Vývoj náhľadov na marketingové ukazovatele

Gespeichert in:
Bibliographische Detailangaben
1. Verfasser: Hrušovská, Dana, 1964-
Format: Buchkapitel
Sprache:Slowakisch
Englisch
Tags: Tag hinzufügen
Keine Tags, Fügen Sie das erste Tag hinzu!

MARC

LEADER 00000nla a2200000 4500
001 0207813
005 20240502073445.1
041 0 |a slo 
041 0 |a eng 
044 |a SK 
245 1 0 |a Vývoj náhľadov na marketingové ukazovatele  |c Dana Hrušovská 
500 |a Abstrakt 
100 1 |a Hrušovská, Dana, 1964-